|
|
|
|
| LEADER |
00000nta a2200000 i 4500 |
| 001 |
dolg3805 |
| 005 |
20160526145744.0 |
| 008 |
151219suuuu hu om 000 hun d |
| 040 |
|
|
|a BGE Dolgozattár Repozitórium
|b hun
|
| 041 |
|
|
|a hu
|
| 100 |
1 |
|
|a Kádár Csilla Orsolya
|
| 245 |
1 |
2 |
|a A fedezetlenné váló lízing ügyletek fizetési hajlandóságának javítása a lean menedzsment eszközeivel
|c Kádár Csilla Orsolya
|h [elektronikus dokumentum]
|
| 695 |
|
|
|a Lean menedzsment
|
| 695 |
|
|
|a lízing ügyletek
|
| 700 |
1 |
|
|a Zarándné Vámosi Dr. Kornélia
|e ths
|
| 856 |
4 |
0 |
|u http://dolgozattar.uni-bge.hu/3805/1/K%C3%A1d%C3%A1r%20Csilla%20Szakdolgozat_2015.pdf
|z Dokumentum-elérés
|